000 00732nam2a2200229 4500
001 RU\NLR\BIBL_A\012246932
005 20250623234840.0
010 _910000
035 _a(NLR Aleph) 012246932
090 _a13300170
_c13300170
100 _a20200316d1963 |||y0rusy50 ca
101 0 _alav
_brus
_ckaz
102 _aRU
105 _ay z 000 y
200 0 _aII
210 _d1963
_aБ. м.
215 _a394, [3] c.
461 0 _1001RU\NLR\BIBL_A\012246918
_12001#$aАbaja cełš$eromāns epopeja$fMuhtars Auezovs$vII
_1700#1$aАуэзов$bМ. О.$cписатель$f1897-1961$gМухтар Омарханович$4070$3RU\NLR\AUTH\77126320
852 _aNLR
_bОНЛ
_jЛатыш./3-5603
942 _cBOOK
980 _aNB